000 00494nam a22001337a 4500
999 _c6972
_d6972
008 200408b ||||| |||| 00| 0 eng d
020 _a0856-4189
100 _aSHITUNDU,Joseph
245 _aThe use of labour-intensive irrigation technologies ib alleviating poverty in majengo,Mbeya rural District
_cJoseph Shitundu and Nathael Luvanga
_hEnglish
260 _aDar Es Salaam
_bResearch on Poverty Alleviation
_c1998
300 _av,36p.
_bIllustration
_c27cm
650 _2Repoa
942 _2ddc
_cBOOKS